000 00392nam a22001577a 4500
005 20170916113328.0
008 170916b xxu||||| |||| 00| 0 eng d
020 _a978-93-5027-149-0
041 _aeng
082 _a530
100 _aMATHUR S.B. AND KUMAR, A.
_93926
245 _aCORE PHYSICS FOR CLASS 12
260 _aNEW DELHI
_bBHARTI BHAWAN
300 _a8-120 APPENDIX19
942 _cBK
999 _c5570
_d5568